000 00661nam a2200241 a 4500
001 nice12345678
003 IN_TiNIC
005 20260116011749.0
008 050524s1964 hyda grp 000 0 eng
020 _a
_c100
082 0 0 _a297.4
_bBEG1
100 _aBegg, Mirza Wahiduddin
245 _aSaint of Ajmer
_b Hazrat Mirza Khwaja Muinuddin Hasan Chishti
260 _aHyderabad
_bInst.Of Indo-Middle East Cultural Studie
_c1964
300 _a17p
500 _aincludes index and biblioraphy
505 2 _aIndex
650 _aSufism-Khwaja Muinuddin Chishti
700 1 _aBegg, Mirza Wahiduddin
902 _bSRS
942 _cBK
999 _c3780
_d3780